Основы психологического эксперимента: учебное пособие; пер. с англ.

Մատենագիտական մանրամասներ
Հիմնական հեղինակ: Готтсданкер Р. Роберт
Լեզու:ռուսերեն
Հրապարակվել է: Москва, Изд-во МГУ, 1982
Խորագրեր:
Ձևաչափ: Գիրք
KOHA link:https://koha.lib.tpu.ru/cgi-bin/koha/opac-detail.pl?biblionumber=20530

MARC

LEADER 00000nam0a2200000 4500
001 20530
005 20231030192121.0
035 |a (RuTPU)RU\TPU\book\20714 
035 |a BOOK00000066 
090 |a 20530 
100 |a 20011209d1982 m y0rusy50 ca 
101 1 |a rus  |c eng 
102 |a RU 
105 |a y j 000zy 
200 1 |a Основы психологического эксперимента  |e учебное пособие  |e пер. с англ.  |f Р. Готтсданкер 
210 |a Москва  |c Изд-во МГУ  |d 1982 
215 |a 463 с. 
610 1 |a психология 
610 1 |a психологические исследования 
610 1 |a эксперименты 
610 1 |a экспериментальная психология 
610 1 |a учебные пособия 
686 |a Ю93  |v LBC/SL-A  |2 rubbk 
700 1 |a Готтсданкер  |b Р.  |g Роберт 
801 0 |a RU  |b 63413507  |c 20011209  |g PSBO 
801 2 |a RU  |b 63413507  |c 20140529  |g PSBO 
942 |c BK